000 00470nam a22001457a 4500
008 230321b |||||||| |||| 00| 0 eng d
040 _aNational Science Library
_cNational Science Library
080 _a378.4(943)(075.5)
_bK2
245 _aFaculty of engineering handbook
_c/ The University of Queensland Press
260 _aBrisbane:
_bThe University of Queensland Press,
_c1962
300 _a138p.
650 _aScience
653 _aEngineering
942 _2udc
_cREP
999 _c48214
_d48214